| 000 | 00393cam a2200169 4500 | ||
|---|---|---|---|
| 001 | M706 | ||
| 008 | 090401t1946 xxu||||| |||| 00| 0 eng d | ||
| 035 | _a(Sirsi) u4987 | ||
| 041 | _aeng | ||
| 110 |
_aUnited Kingdom _kLaws, etc _95044 |
||
| 245 | _aNew Towns Act, 1946. | ||
| 260 |
_aLondon _bHMSO _c1946 |
||
| 300 | _aii,45p. ; 25cm. | ||
| 350 | _a0.04 | ||
| 942 | _n0 | ||
| 948 | _c04/03/1997 | ||
| 999 |
_c86100 _d86100 |
||